| 000 | 01240cam a22003617a 4500 | ||
|---|---|---|---|
| 003 | CHAP | ||
| 005 | 20220329141346.0 | ||
| 008 | 971013s1988 r 00010 d | ||
| 010 | _a67003 | ||
| 011 | _a67975 | ||
| 035 | _a77447 | ||
| 040 | _cCHAP | ||
| 090 | _aTesis | ||
| 100 | 0 | 0 |
_aAlmaraz Suarez, Juan Jose. _94491 |
| 245 | 0 | _aEmpleo de la técnica de raíz dividida en el estudio ecológico de la simbiosis Rhizobium phaseoli, Phaseolus vulgaris L., bajo sequía | |
| 260 |
_aChapingo, Méx. : _bEl autor, _c1988 |
||
| 300 | _a147 h. | ||
| 502 | _aTesis (Ing. Agrónomo Esp. en Fitotecnia) -- UACH. Departamento de Fitotecnia | ||
| 590 |
_aALEPH _b10 _c20130110 _lUCH01 _h1401 |
||
| 590 |
_aBATCH-UPD _b10 _c20130110 _lUCH01 _h1442 |
||
| 590 |
_aBATCH-UPD _b10 _c20130410 _lUCH01 _h0913 |
||
| 590 |
_aBATCH-UPD _b10 _c20130914 _lUCH01 _h1121 |
||
| 590 |
_aCONVERSION _b10 _c20130109 _lUCH01 _h1337 |
||
| 650 | 1 | 4 |
_aCultivos _xEfecto de las sequías. _930255 |
| 650 | 1 | 4 |
_aEcología vegetal. _935188 |
| 650 | 1 | 4 |
_aFrijol. _943319 |
| 650 | 1 | 4 |
_aNitrógeno _xFijación. _981472 |
| 650 | 1 | 4 |
_aRaíces _994670 |
| 650 | 1 | 4 |
_aRhizobium phaseoli. _997129 |
| 901 | _aBK | ||
| 942 | _cTESIS | ||
| 949 |
_bBC _cTES _d-30316 _eTS1 _h21017 _i77447 _si |
||
| 999 |
_c67003 _d67003 |
||